| Tag |
First Indicator |
Second Indicator |
Subfields |
| LEADER |
00000cam a22000008i 4500 |
| 001 |
in00000049267 |
| 005 |
20151007065737.0 |
| 008 |
790910s1979 sz a b 10110 eng |
| 010 |
|
|
|a 79021385
|
| 020 |
|
|
|a 3764310367
|
| 035 |
|
|
|a (OCoLC)05448705
|
| 035 |
|
|
|9 AAE2589AM
|
| 040 |
|
|
|a DLC
|c DLC
|d CLU
|d TXA
|d UtOrBLW
|
| 049 |
|
|
|a TXAM
|c [980636]
|
| 050 |
0 |
0 |
|a QP552.M47
|b I55 1978
|
| 082 |
0 |
|
|a 591.1/9245
|
| 111 |
2 |
|
|a International Meeting on Metallothionein and Other Low Molecular Weight Metalbinding Proteins
|n (1st :
|d 1978 :
|c Zurich)
|
| 245 |
1 |
0 |
|a Metallothionein :
|b proceedings of the First International Meeting on Metallothionein and Other Low Molecular Weight Metal-binding Proteins Zurich,July 17-22,1978 /
|c edited by Jeremias Kagi and Monica Nordberg.
|
| 263 |
|
|
|a 7910
|
| 264 |
|
1 |
|a Basel ;
|a Boston :
|b Birkhauser,
|c 1979.
|
| 300 |
|
|
|a 378 pages :
|b illustrations ;
|c 25 cm.
|
| 336 |
|
|
|a text
|b txt
|2 rdacontent
|
| 337 |
|
|
|a unmediated
|b n
|2 rdamedia
|
| 338 |
|
|
|a volume
|b nc
|2 rdacarrier
|
| 490 |
1 |
|
|a Experientia. Supplementum ;
|v 34
|
| 500 |
|
|
|a Sponsored by the American Society of Biological Chemists, and others.
|
| 504 |
|
|
|a Includes bibliographical reference and indexes.
|
| 650 |
|
0 |
|a Metallothionein
|x Congresses.
|
| 650 |
|
2 |
|a Metalloproteins
|x congresses.
|
| 700 |
1 |
|
|a Kagi, Jeremias,
|d 1930-
|
| 700 |
1 |
|
|a Nordberg, Monica.
|
| 710 |
2 |
|
|a American Society of Biological Chemists.
|
| 830 |
|
0 |
|a Experientia.
|p Supplementum ;
|v v. 34.
|
| 999 |
|
|
|a MARS
|
| 999 |
f |
f |
|s b05806c6-1abe-3402-a4b6-2d5004c7c577
|i 6776a644-1f6e-3b65-a9b8-f34f8c9d5186
|t 0
|
| 952 |
f |
f |
|p ric
|a Texas A&M University
|b Rellis Campus
|c Joint Library Facility
|d Remote Storage
|t 0
|e QP552.M47 I55 1978
|h Library of Congress classification
|i unmediated -- volume
|m A14805024218
|
| 998 |
f |
f |
|a QP552.M47 I55 1978
|t 0
|l Remote Storage
|